Religion by Letter - T - Statistics

General Stats
  • This quiz has been taken 187 times
  • The average score is 14 of 20
Answer Stats
Hint Answer % Correct
Former country Dalai Lama ruled Tibet
96%
Most famous Catholic nun Mother {Teresa}
95%
Norse god of Thunder Thor
95%
First five books of the Jewish Bible Torah
94%
The Father, Son and Holy Ghost Trinity
93%
Chinese belief system based on the teachings of Laozi Taoism
87%
Playing cards used by fortune tellers Tarot
86%
Type of headwear worn by Sikhs Turban
85%
What the city of Babel tried to build Tower
83%
Name for a form of government based on religion Theocracy
82%
Biblical edicts handed to Moses by God atop Mount Sinai Ten Commandments
77%
He doubted Jesus' resurrection Thomas
77%
Holiest building in Jerusalem, once Temple
76%
An object believed to have magical powers {Talis}man
61%
Vietnamese New Year Tet
59%
Central text of Rabbinic Judaism Talmud
46%
Spirit being or sacred object of a group of people Totem
39%
Dominant Buddhist branch in Southeast Asia {Thera}vāda
38%
Ancient religion of the Turkic people {Teng}rism
23%
An incarnate or reincarnated lama Tulku
2%
No matching quizzes found
Score Distribution
Percent of People with Each Score
Percentile by Number Answered
Your Score History
You have not taken this quiz